TROUVE LES PAYS PAS BIEN :( - Statistiques

Statistiques générales
  • Ce quiz a été pris 99 fois
  • Le résultat moyen est 9 sur 15
Statistiques - réponses
Hint Réponse % Correct
2 algerie
88%
1 maroc
87%
4 tunisie
79%
5 egypte
65%
9 iran
62%
11 arabie saoudite
60%
8 irak
58%
3 libye
57%
6 liban
54%
10 syrie
54%
12 yemen
51%
15 qatar
44%
13 oman
40%
7 palestine
38%
14 koweit
34%
Aucun quiz correspondant
Distribution des résultats
% des personnes avec chaque résultat
Percentile par nombre de réponses
Votre historique - résultats
Vous n’avez pas pris ce quiz